000 005040000a22001810004500
003 MACL
005 20160312132841.0
008 160312b xxu||||| |||| 00| 0 eng d
040 _aMACL
_cMACL
041 _aHindi
082 _a891.433
100 _aचन्‍द्रसेन
_945333
245 _aजीवन तप
260 _bराष्‍ट्रभाषा प्रकाशन
_c1988
_aदिल्‍ली
350 _a40
650 _aNovel
_945334
942 _cHIN
_k891.433
_2ddc
999 _c28908
_d28908